000 00362nam a2200145Ia 4500
008 230312s9999||||xx |||||||||||||| ||und||
020 _a0-470-56652-7
082 _a355.00973
_bPOW-A
100 _aBlum;Richard
245 0 _aLinux Command line and shell scripting
260 _bWiley
_aUSA
_c2010
300 _a311
650 _aComputer
_vComputer
942 _cBK
999 _c15140
_d15140